| 000 | 00470nam a22001337a 4500 | ||
|---|---|---|---|
| 008 | 220729b |||||||| |||| 00| 0 eng d | ||
| 020 | _a5901234123457 | ||
| 082 | _a954.98 LHE | ||
| 100 | _aLhendrup, Yeshi | ||
| 245 | _aཡིག་ཆས་དང་དངོས་མེད་ལམ་སྲོལ་ཐོ་བཀོད་གནད་སྡུད། | ||
| 260 |
_aThimphu : _bNational Library and Archives of Bhutan, _c2019. |
||
| 300 |
_a287 p. _c20 cm. |
||
| 942 | _2ddc | ||
| 999 |
_c9054 _d9055 |
||